000 00298nam a22001217a 4500
008 160510b xxu||||| |||| 00| 0 eng d
020 _a9780688061647
020 _a0688061648
041 _aeng
080 _a61
245 _aFamily healthand medical guide:
_cHearst Books New York;
942 _2udc
_cBK
999 _c2006
_d2006